000 00356nam a2200145Ia 4500
008 230128s9999 xx 000 0 und d
041 _aeng
082 _aRAI PR0215
_bRAI
100 _aRairikar S S
_9118945
245 _aHealth Club System
250 _a2K41034
260 _c2006
_bPune University
_aPune
502 _cSurya Ramdas
999 _c97243
_d97243